00809nam a2200205 a 450000100100000000500170001000800410002702000150006804000250008304100390010808200150014710000290016224501510019126000410034230000330038353400600041650000740047670000250055070000280057500002311320200930022009.0101126s1993 sp a r 000 0 spa d a8486615399 aDO-SdBNPbspacBNPHU17aspaheng2Código de idioma MARC. aNNNbC545c1 aChodron, Thubten,d1950-10aCorazón abierto, mente lucída /cThubten Chodron ; prólogo por Su Santidad el XIV Dalai Lama ; traducción del inglés Víctor Márquez. aMadrid, (España) :bDharma,c1993. a248, [4] p. :bil. ;c21 cm. aTítulo original en inglés:tOpen heart, clear mind. aIncluye datos biográficos del autor en solapa de la contracubierta.1 aLama, Dalaiepról.1 aMárquez, Víctoretr